000 00955nam a2200289Ia 4500
003 OSt
005 20221007125146.0
006 a|||||r|||| 00| 0
007 ta
008 221006b |||||||| |||| 00| 0 eng d
020 _a0198501013 (pbk)
_cRs.840.00
024 _a5305
037 _bEducational,
_cTextual
040 _aCDL
_cCDL
_beng
041 _2eng
_aeng
082 _aE:2, N8;-1
100 _aAtkins P W
_9471153
245 0 _aPhysical chemistry by P W Atkins
250 _aEd 6
260 _aOxford
_bOxford University Press
_c1998
300 _axvi,1014p
_ccm.
500 _aIndex 998-1014p; ^n23/CSL/Carc/98-99/6373^d1998-07-09^mPurchase; ; 98-99/152^b1998-08-28^cEBA/075/98-99^d1998-08-04^eEducational Book Agency (India); ; 1998-08-31^c1998-08-31^r1998-11-27
650 _a Physical
_9297719
650 _aChemistry
942 _hE:2, N8;-1
_cTEXL
_2CC
999 _c1214782
_d1214782